[Event "Alexandria op 22nd"]
[Site "Alexandria"]
[Date "2017.08.04"]
[Round "3"]
[White "Amin, Ashraf"]
[Black "Zakarea, Bahaa Alden"]
[Result "1-0"]
[WhiteElo "2217"]
[BlackElo "1736"]
[PlyCount "73"]
[EventDate "2017.08.02"]
[EventType "swiss"]
[EventRounds "10"]
[EventCountry "EGY"]
[SourceTitle "CBM 180 Extra"]
[Source "ChessBase"]
[SourceDate "2017.10.06"]
[SourceVersion "1"]
[SourceVersionDate "2017.10.06"]
[SourceQuality "1"]

1. d4 d5 2. c4 e6 3. Nc3 Nf6 4. cxd5 exd5 5. Bg5 Be7 6. e3 0-0 7. Bd3 Be6 8. Qc2 Nbd7 9. Nge2 h6 10. Bh4 Nh5 11. Bxe7 Qxe7 12. 0-0 f5 13. Rae1 c6 14. b4 a6 15. a4 Rac8 16. Rb1 Qg5 17. Qd2 f4 18. exf4 Nxf4 19. Nxf4 Qxf4 20. Qxf4 Rxf4 21. Ne2 Rf6 22. Ng3 Rf4 23. Rfe1 Rxd4 24. Rbd1 Rxb4 25. Rxe6 Nc5 26. Bf5 Rc7 27. Re8+ Kf7 28. Rde1 Rxa4 29. Bh7 g6 30. Rg8 Ne6 31. Rxg6 Nf8 32. Rxh6 Kg7 33. Nf5+ Kf7 34. h4 c5 35. h5 Rd7 36. Bg6+ Kg8 37. Re8 1-0